| 000 | 01997nam a2200397 i 4500 | ||
|---|---|---|---|
| 003 | DO-SdBNP | ||
| 005 | 20250909103721.0 | ||
| 007 | ta | ||
| 008 | 221102e2022 dr a|||jr|||| 001 jdspa d | ||
| 020 | _a9789945931372 | ||
| 040 |
_aDO-SdBNP _bspa _cBNPHU _erda |
||
| 041 | _aspa | ||
| 082 | 4 |
_axxx _bM394a _222 |
|
| 110 | 1 |
_aInstituto Superior de Formación Docente Salomé Ureña (ISFODOSU) _988596 |
|
| 245 | 1 | 0 |
_aMas allá de mis sueños: _bcuentos infantiles. / _cPresentación, Luisa María Acosta Caba; prólogo, Ana Julia Suriel ; ilustraciones, Elvin Simé, María Fernanda Paz, Joel Ventura |
| 264 | 1 |
_aSanto Domingo : _bISFODOSU, _c2022. |
|
| 300 |
_a95 páginas : _bIlustraciones ; _c25 cm. |
||
| 336 |
_atexto _btxt _2rdaconten |
||
| 337 |
_asih medición _bn _2rdamedia |
||
| 338 |
_avolumen _bnc _2rdacarreir |
||
| 490 | 1 | _aAcadémicas | |
| 490 | 1 | _aAulas | |
| 500 | _aIncluye datos biográficos de los autores en las páginas 94 - 95 | ||
| 500 | _aCuentos ganadores del 2do. Concurso de Cuentos Infantiles organizado por el recinto Emilio Prud´Homme, en Santiago, del Instituto Superior de Formación Docente Salomé Ureña (ISFODOSU), República Dominicana. | ||
| 505 | 0 |
_tLa ranita Tita quiere dar una cantadita -- _rYaroly Peña / _tGlobby, la historia de un número muy curioso -- _rMawdy Canela / _tPapito: las travesías de un pequeño gigante -- _rNoemí Espinal / _tValle Iao -- _rLaura Polanco / |
|
| 590 | _aInventariado 2022 / MF | ||
| 650 | 4 |
_981985 _aLiteratura infantil _xRepública Dominicana |
|
| 650 | 4 |
_926914 _aConcursos Literarios _xRepública Dominicana |
|
| 650 | 4 |
_977603 _aCuentos infantiles _vConcursos Literarios _xRepública Dominicana |
|
| 700 | 1 |
_aAcosta Caba, Luisa María, _epresentador _4pr. _982660 |
|
| 700 | 1 |
_aSuriel, Ana Julia, _eprologuista _982661 _4pr. |
|
| 700 | 1 |
_aSimé, Elvin _eilustrador _4il. _988597 |
|
| 700 | 1 |
_aFernanda Paz, María _eilustrador _4il. _988598 |
|
| 700 | 1 |
_aVentura, Joel _eilustrador _4il. _988599 |
|
| 942 |
_2ddc _cLBS1 |
||
| 999 |
_c52743 _d52743 |
||